<?xml version="1.0" encoding="UTF-8"?>
<marc:record xmlns:marc="http://www.loc.gov/MARC21/slim">
   <marc:leader>00000nam a2200000 a 4500</marc:leader>
   <marc:datafield ind1="1" ind2=" " tag="100">
      <marc:subfield code="a">Borré, Martin</marc:subfield>
      <marc:subfield code="4">aut</marc:subfield>
      <marc:subfield code="e">Verfasser/-in</marc:subfield>
   </marc:datafield>
   <marc:datafield ind1="1" ind2=" " tag="100">
      <marc:subfield code="a">Reintjes, Thomas</marc:subfield>
      <marc:subfield code="4">aut</marc:subfield>
      <marc:subfield code="e">Verfasser/-in</marc:subfield>
   </marc:datafield>
   <marc:datafield ind1=" " ind2=" " tag="653">
      <marc:subfield code="a">Naturwissenschaften</marc:subfield>
   </marc:datafield>
   <marc:datafield ind1=" " ind2=" " tag="653">
      <marc:subfield code="a">Beispielsammlung</marc:subfield>
   </marc:datafield>
   <marc:datafield ind1=" " ind2=" " tag="653">
      <marc:subfield code="a">Alltag</marc:subfield>
   </marc:datafield>
   <marc:datafield ind1="0" ind2="0" tag="245">
      <marc:subfield code="a">Warum Frauen schneller frieren</marc:subfield>
   </marc:datafield>
   <marc:datafield ind1="0" ind2="0" tag="245">
      <marc:subfield code="b">Alltagsphänomene wissenschafltich erklärt</marc:subfield>
   </marc:datafield>
   <marc:datafield ind1="0" ind2="0" tag="245">
      <marc:subfield code="c">Martin Borré ; Thomas Reintjes</marc:subfield>
   </marc:datafield>
   <marc:datafield ind1=" " ind2="1" tag="264">
      <marc:subfield code="a">München</marc:subfield>
      <marc:subfield code="b">C.H.Beck</marc:subfield>
      <marc:subfield code="c">2005</marc:subfield>
   </marc:datafield>
   <marc:datafield ind1="1" ind2=" " tag="490">
      <marc:subfield code="a">Beck'sche Reihe</marc:subfield>
      <marc:subfield code="v">01647</marc:subfield>
   </marc:datafield>
   <marc:datafield ind1=" " ind2=" " tag="250">
      <marc:subfield code="a">4. Aufl</marc:subfield>
   </marc:datafield>
   <marc:datafield ind1="1" ind2=" " tag="520">
      <marc:subfield code="a">Warum ist das Meer blau? Wie findet ein Anruf das Handy? Was ist die Blut-Hirn-Schranke? Müssen Fische trinken? Und warum darf eigentlich kein Metall in die Mikrowelle? Das Leben stellt uns jeden Tag vor viele Fragen. "nano", das Wissenschafts- und Forschungsmagazin des Fernsehsenders 3sat, geht diesen Dingen fünfmal wöchentlich auf den Grund. In der Rubrik "aha" werden seit rund zwei Jahren jeden Dienstag Zuschauerfragen beantwortet; so ist inzwischen beträchtliches Wissen zusammengetragen worden. Zuschauer gaben auch die Anregung, die besten Fragen und Antworten in einem Buch zu sammeln - hier ist es. Einhundert Fragen und Antworten zu Alltagsphänomenen, die man meistens so hinnimmt, ohne sich klarzumachen, was an Wissenschaft dahintersteckt..</marc:subfield>
   </marc:datafield>
   <marc:datafield ind1=" " ind2=" " tag="300">
      <marc:subfield code="a">175 S.</marc:subfield>
   </marc:datafield>
</marc:record>
